| 000 | 01081pam a2200325 a 4500 | ||
|---|---|---|---|
| 001 | 2523786 | ||
| 003 | OSt | ||
| 005 | 20251205105022.0 | ||
| 008 | 930506s1993 ilua 000 0 eng | ||
| 010 | _a 93024631 | ||
| 020 |
_a0842382275 : _c$17.99 |
||
| 020 | _a9780842382274 | ||
| 035 | _a2523786 | ||
| 040 |
_aDLC _cDLC _dDLC |
||
| 050 | 0 | 0 |
_aBT732.7 _b.D628 1993 |
| 082 | 0 | 0 |
_a231/.8 _220 |
| 100 | 1 |
_aDobson, James C., _d1936- |
|
| 245 | 1 | 0 |
_aWhen God doesn't make sense / _cJames Dobson. |
| 260 |
_aWheaton, Ill. : _bTyndale House, _cc1993. |
||
| 300 |
_a250 p. : _bcol. ill. ; _c23 cm. |
||
| 336 |
_atext _btxt _2rdacontent |
||
| 337 |
_aunmediated _bn _2rdamedia |
||
| 338 |
_avolume _bnc _2rdacarrier |
||
| 650 | 0 |
_aSuffering _xReligious aspects _xChristianity. |
|
| 650 | 0 | _aTheodicy. | |
| 906 |
_a7 _bcbc _corignew _d1 _eocip _f19 _gy-gencatlg |
||
| 942 |
_2lcc _cBK |
||
| 999 |
_c20915 _d20914 |
||